000 00952nam a2200313uu 4500
999 _c200431315
_d49527
001 200431315
003 TR-AnTOB
005 20190408222135.0
007 ta
008 180716b a eng
020 _a9789020959147
020 _a9020959147
040 _aTR-AnTOB
_beng
_erda
_cTR-AnTOB
_dTR-AnTOB
041 0 _aeng
050 0 _aTX767 .C5
090 _aTX767 .C5
_bW93 2004
100 1 _aWybauw, Jean-Pierre
_eauthor
_9122403
245 1 0 _aFine chocolates :
_bgreat experience /
_cJean-Pierre Wybauw ; photography : Tony Le Duc.
264 1 _aBelgium :
_bLannoo Publisher,
_c2004.
300 _a228 pages :
_billustrations ;
_c27 cm.
336 _2rdacontent
_atext
_btxt
337 _2rdamedia
_aunmediated
_bn
338 _2rdacarrier
_avolume
_bnc
650 0 _aChocolate candy
_9122404
650 0 _aCooking (Chocolate)
_9122405
700 1 _aLe Duc, Tony
_9122861
942 _2lcc
_cBK